Online
Catalog
Normal view MARC view

Entry Nombre corporativo

Number of records used in: 1

001 - NÚMERO DE CONTROL

  • campo de control: 78250

003 - IDENTIFICADOR DEL NÚMERO DE CONTROL

  • campo de control: OSt

005 - FECHA Y HORA DE LA ÚLTIMA TRANSACCIÓN

  • campo de control: 20210324101335.0

008 - DATOS DE LONGITUD FIJA

  • campo de control de longitud fija: 210324|| aca||aabn | a|a d

040 ## - FUENTE DE LA CATALOGACIÓN

  • Centro catalogador/agencia de origen: OSt
  • Centro/agencia transcriptor: OSt

110 ## - ENCABEZAMIENTO-NOMBRE DE ENTIDAD CORPORATIVA

  • Nombre de entidad corporativa o nombre de jurisdicción como elemento de entrada: Fondo Nacional de Innovación y Desarrollo Científico y Tecnológico (República Dominicana)

670 ## - FUENTE DE DATOS ENCONTRADOS

  • Cita de la fuente: Work cat.: (OSt)49497: Gómez Ramírez, Plácido F. 72562, Apuntes sobre ciencia e investigación científica en República Dominicana :, 2020.

Powered by Koha